000 01621cam a22004454i 4500
003 PE-LiUPU
005 20250731173440.0
008 150616s r 000 0 d
035 _a(Sirsi) a5654
040 _aPE-LiUPU
_bspa
_cPE-LiUPU
_erda
049 _aPRUA
082 0 4 _a200.947
_bK96
_221
100 1 _aKuroiédov, Vladímir,
_eautor.
245 1 3 _aLa Religión y la Iglesia en el Estado Soviético /
_cVladimir Kuroiédov.
264 1 _aMoscú :
_bEditorial Progreso,
_c1983.
300 _a165 páginas :
_bIlustraciones ;
_c20 cm.
336 _atext
_2rdacontent
337 _aunmediated
_2rdamedia
338 _avolume
_2rdacarrier
505 0 _aActitud de los comunistas ante el principio de la libertad de conciencia.- Relaciones normales entre la iglesia y el estado soviético.- La legislación sobre cultos religiosos y la libertad de conciencia.
526 _aSEG42
526 _aSEG41
526 _aSEG40
526 _aSEG39
526 _aP94
526 _aP87
526 _aP86
526 _aP85
526 _aP77
526 _aP76
526 _aP35
651 0 _aRusia
_xReligión.
910 _ajck
_bjvq
_cjck
942 _2ddc
_cBOOK
949 _a200.947 K96
_wDEWEY
_c1
_i39402
_lCCODEBUL1
_mBUL
_p00.00
_r0
_sY
_tBOOK
_u19950929
_xTEOLOGIA
_zUNKNOWN
_0COMPRA
_o.STAFF. Colección General
994 _aC0
_bPEPRU
596 _a1
999 _a200.947 K96
_wDEWEY
_c56706
_i39402
_d56706
_f2021-11-11
_g5
_lCCODEBUL1
_mBUL
_q1
_r0
_sY
_tBOOK
_u2015-6-16
_xTEOLOGIA
_zUNKNOWN
_0COMPRA
_o.STAFF. Colección General
980 _81
_gALBERTO SANCHEZ Responsable de Automatización